Blancanieves y los 7 enatitos ; (Registro nro. 12586)

Detalles MARC
000 -LIDER
fixed length control field 00865nam a22002777a 4500
003 - IDENTIFICACDOR DE NÚMERO DE CONTROL
control field DO-SdBPM
005 - DATE AND TIME OF LATEST TRANSACTION
control field 20241128080707.0
008 - ELEMENTOS DE LONGITUD FIJA
fixed length control field 170714b19uu sp | 0| 0 spa d
020 ## - ISBN
International Standard Book Number 8472972933
040 ## - FUENTE DE CATALOGACIÓN
Agencia que crea de manera original el registro DO-SdBPM
Idioma de catalogación spa
Agencia que realiza la transcripción BPMSU
082 #4 - NÚMERO DE CLASIFICACIÓN DECIMAL DE DEWEY
Classification number 808.83
Item number B638e
Edition number 22
245 10 - MENCIÓN DE TITULO
Título Blancanieves y los 7 enatitos ;
Subtítulo La liebre y la tortuga /
246 ## - VARIACION DEL TÍTULO
Título propiamente dicho o título corto La liebre y la tortuga
260 ## - PUBLICACIÓN, DISTRIBUCIÓN, ETC. (PIE DE IMPRENTA)
Lugar de publicación, distribución, etc Madrid :
Nombre del editor, distribuidor, etc. Ediciones Saldaña Ortega,
Fecha de publicación, distribución, etc [198?]
300 ## - DESCRIPCIÓN FÍSICA
Extensión [12,11] p. :
Otros detalles físicos il. ;
Dimensiones 17 cm.
490 0# - MENCIÓN DE SERIES
Mención de serie Ilusión
563 ## - INFORMACIÓN DE LA ENCUADERNACIÓN
Nota de la encuadernación Dos obras encuadernadas juntas con paginación continua
585 ## - NOTA DE PREMIOS
Nota de premios Inventariado, 2024/VM
650 #4 - ENCABEZAMIENTO DE MATERIA--TEMÁTICO
Término temático o nombre geográfico como elemento de entrada Cuentos infantiles.
650 #4 - ENCABEZAMIENTO DE MATERIA--TEMÁTICO
Término temático o nombre geográfico como elemento de entrada Libros ilustrados para niños
710 2# - ASIENTO SECUNDARIO -- NOMBRE CORPORATIVO
Nombre corporativo o de jurisdicción Ediciones A. Saldaña Ortega
740 ## - ASIENTO SECUNDARIO DE TÍTULOS RELACIONADOS O ANALÍTICOS NO CONTROLADOS
Título analítico o relacionado no controlado La liebre y la tortuga
830 ## - ASIENTO SECUNDARIO DE SERIE--TÍTULO UNIFORME
Título uniforme
910 ## - VALIDACIÓN
Validación VMateo V. Control de calidad. BPMSU
942 ## - ADDED ENTRY ELEMENTS (KOHA)
Source of classification or shelving scheme Dewey Decimal Classification
Koha item type Libros
Existencias
Withdrawn status Lost status Source of classification or shelving scheme Damaged status Not for loan Collection code Home library Current library Date acquired Source of acquisition Total Checkouts Full call number Barcode Date last seen Price effective from Koha item type
    Dewey Decimal Classification     Colección Infantil General Biblioteca Pública Metropolitana Salomé Ureña Biblioteca Pública Metropolitana Salomé Ureña 07/14/2017 FUNDI   BPMSU CGI 808.83 B638e BPMSU17070018 07/14/2017 07/14/2017 Libros